Patanjala-yoga-sutram: Yoga philosophy of Patanjali (Record no. 310350)
[ view plain ]
| 000 -LEADER | |
|---|---|
| fixed length control field | 00535 a2200193 4500 |
| 005 - DATE & TIME | |
| control field | 20240722161605.0 |
| 008 - FIXED-LENGTH DATA ELEMENTS--GENERAL INFORMATION | |
| fixed length control field | 240722b |||||||| |||| 00| 0 eng d |
| 020 ## - ISBN | |
| International Standard Book Number | 9788183154642 |
| Price | Rs. 600.00 |
| 040 ## - CATALOGING SOURCE | |
| Original cataloging agency | VIVEKANANDA LIBRARY |
| 082 ## - DDC NUMBER | |
| Classification number | 181.45 |
| Book Number | P271T:P |
| 100 ## - MAIN ENTRY--PERSONAL NAME | |
| Personal name | Tiwari, Shashi |
| 245 ## - TITLE STATEMENT | |
| Title | Patanjala-yoga-sutram: Yoga philosophy of Patanjali |
| 260 ## - PUBLICATION, DISTRIBUTION, ETC. (IMPRINT) | |
| Name of publisher, distributor, etc | New Bhartiya Book Corporation |
| Date of publication, distribution, etc | 2021 |
| Place of publication, distribution, etc | New Delhi |
| 300 ## - PHYSICAL DESCRIPTION | |
| Pages | xi; 205 |
| 650 ## - Subject | |
| Subject | Yoga Philosophy |
| 650 ## - Subject | |
| Subject | Pantanjali |
| 650 ## - Subject | |
| Subject | Yogic Studies |
| 942 ## - ADDED ENTRY ELEMENTS (KOHA) | |
| Koha item type | Books |
| Withdrawn status | Lost status | Source of classification or shelving scheme | Damaged status | Not for loan | Location (home branch) | Sublocation or collection (holding branch) | Shelving location | Date acquired | Koha issues (times borrowed) | Koha full call number | Accession No. | Koha date last seen | Koha item type |
|---|---|---|---|---|---|---|---|---|---|---|---|---|---|
| Dewey Decimal Classification | VIVEKANANDA LIBRARY | VIVEKANANDA LIBRARY | Vivekananda Library | 19/02/2024 | 181.45 P271T:P | 435066 | 19/02/2024 | Books |
